| 000 | 00461cam a2200169ua 4500 | ||
|---|---|---|---|
| 020 | _a0-87262-471-4 | ||
| 041 |
_aeng _h |
||
| 082 |
_a621.8672 _bJEY/AD |
||
| 100 | _aJeyapalan, Jey K . | ||
| 245 | 0 | 0 |
_aAdvances in underground pipeline engineering / _cJey K Jeyapalan. _hTextual Documents |
| 250 |
_a1 / _b. |
||
| 260 |
_aNew York : _bAmerican society of civil engineers , _c1985. |
||
| 300 | _a588 ; . | ||
| 504 | _a | ||
| 942 | _cBK | ||
| 999 |
_c9312 _d9312 |
||